Normal view MARC view
  • Rosales Mendoza, Adriana Leona

Entry Nombre Personal

Number of records used in: 4

001 - NUMERO DE CONTROL

  • campo de control: 48930

003 - IDENTIFICADOR DE NUMERO DE CONTROL

  • campo de control: DLC

005 - FECHA Y HORA DE LA ÜLTIMA TRANSACCIÓN

  • campo de control: 20260226085304.0

008 - DATOS DE LONGITUD FIJA

  • campo de control de longitud fija: 110511n| azannaabn |a aaa c

010 ## - NÚMERO DE CONTROL DE LA BIBLIOTECA DEL CONGRESO

  • Número de control LC: no2011074246

024 7# - OTROS IDENTIFICADORES NORMALIZADOS

  • Número normalizado o código: 171133066
  • Fuente: viaf
  • URI: https://viaf.org/viaf/171133066

024 7# - OTROS IDENTIFICADORES NORMALIZADOS

  • Número normalizado o código: 0000000120080579
  • Fuente: isni
  • URI: https://isni.org/isni/0000000120080579

024 7# - OTROS IDENTIFICADORES NORMALIZADOS

  • Número normalizado o código: 0000-0002-4391-7551
  • Fuente: orcid
  • URI: https://orcid.org/0000-0002-4391-7551

024 7# - OTROS IDENTIFICADORES NORMALIZADOS

  • Número normalizado o código: Q136368851
  • Fuente: wikidata
  • URI: https://www.wikidata.org/wiki/Q136368851

035 ## - NUMERO DE CONTROL

  • Número de control: (OCoLC)oca08853625

040 ## - FUENTE DE CATALOGACIÓN

  • Agencia original de catalogación: NjP
  • Lenguaje de catalogación: spa
  • Description conventions: rda
  • Agencia de transcripción: NjP
  • Agencia que lo modifica: DNLM
  • Agencia que lo modifica: MX-MxUPN

100 1# - ENCABEZAMIENTO - NOMBRE PERSONAL

  • Nombre personal: Rosales Mendoza, Adriana Leona

371 ## - DIRECCIÓN

  • Electronic mail address: arosales@upn.mx

372 ## - CAMPO DE ACTIVIDAD

  • Field of activity: Migración
  • Field of activity: Multiculturalismo
  • Field of activity: Género

373 ## - GRUPO ASOCIADO

  • Associated group: Universidad Pedagógica Nacional (México)
  • Fuente del término: naf

374 ## - OCUPACIÓN

  • Occupation: Profesora unversitaria

377 ## - LENGUA ASOCIADA

  • Language code: spa

400 1# - VEÁSE - NOMBRE DE PERSONA

  • Personal name: Leona Rosales Mendoza, Adriana

670 ## - FUENTE EN LA QUE SE LOCALIZARON DATOS

  • Cita de la fuente: Aportaciones a los estudios de las sexualidades, las identidades y los derechos sexuales y reproductivos, 2009:
  • Información localizada: portada (Adriana Leona Rosales Mendoza)

670 ## - FUENTE EN LA QUE SE LOCALIZARON DATOS

  • Cita de la fuente: Sexualidades y géneros imaginados : educación, políticas e identidades LGBT, 2018:
  • Información localizada: portada (Adriana Leona Rosales Mendoza)

670 ## - FUENTE EN LA QUE SE LOCALIZARON DATOS

  • Cita de la fuente: UPN página web, 17 mayo 2023:
  • Información localizada: (Adriana Leona Rosales Mendoza; doctorado en Ciencias Antropológicas por la Universidad Autónoma Metropolitana - Iztapalapa - UAM-I; profesora de tiempo completo UPN; líneas de investigación: migración, multiculturalidad, género; correo electrónico: arosales@upn.mx)
  • Uniform Resource Identifier: https://area2.upnvirtual.edu.mx/index.php/cuerpos-academicos/ceppaed/173-dra-adriana-leona-rosales-mendoza

902 ## - CATALOGADOR

  • Catalogador: Víctor Ruiz/170523